Seniori ako tvorcovia špeciálneho dopytu po produktoch a službách bakalárska práca

Salvato in:
Dettagli Bibliografici
Autore principale: Mokrohajský, Dušan
Ente Autore: Obchodná fakulta EU. Katedra marketingu
Altri autori: Krescanková, Michaela
Natura: Libro
Lingua:slovacco
Pubblicazione: Bratislava 2015
Tags: Aggiungi Tag
Nessun Tag, puoi essere il primo ad aggiungerne!!

MARC

LEADER 00000nbm a2200000 4500
001 0206511
005 20161212105711.9
041 0 |a slo 
044 |a SK 
245 1 0 |a Seniori ako tvorcovia špeciálneho dopytu po produktoch a službách  |b bakalárska práca  |c Dušan Mokrohajský ; školiteľ: Michaela Krescanková 
264 1 |a Bratislava  |c 2015 
300 |a 46 s. 
100 1 |a Mokrohajský, Dušan 
700 1 |a Krescanková, Michaela 
710 2 |a Obchodná fakulta EU. Katedra marketingu